000 00743cam a22002174a 4500
001 13876656
005 20241212141922.0
008 050218s2006 maua 001 0 eng
020 _a9780321194367
050 0 0 _aQH323.5
_b.T75 2006
082 0 0 _a570/.1/5195
_222
100 1 _aTriola, Marc M.
245 1 0 _aBiostatistics for the biological and health sciences /
_cMarc M. Triola, Mario F. Triola.
260 _aBoston :
_bPearson Addison-Wesley,
_cc2006.
300 _axix, 699 p. :
_bill. (chiefly col.) ;
_c27 cm. +
_e1 CD-ROM (4 3/4 in.)
650 0 _aBiometry.
650 0 _aMedical statistics.
700 1 _aTriola, Mario F.
856 4 1 _3Table of contents
_uhttp://www.loc.gov/catdir/toc/fy0604/2005045835.html
942 _2lcc
_cBK
_n0
999 _c2115
_d2115